Turisztikai célú stratégiai és operatív programok megvalósítása Szarvason és térségében

Bibliográfiai részletek
Szerző: Rafaj Tamás
További közreműködők: Tóth dr. Zoltán
Dokumentumtípus: Diplomadolgozat
Kulcsszavak:Szarvas
Turizmusfejlesztés
Városfejlesztés
Széchenyi 2020
Dél-Alföldi régió
Online Access:http://dolgozattar.uni-bge.hu/2817

MARC

LEADER 00000nta a2200000 i 4500
001 dolg2817
005 20150910150712.0
008 150514suuuu hu om 000 hun d
040 |a BGE Dolgozattár Repozitórium  |b hun 
041 |a hu 
100 1 |a Rafaj Tamás 
245 1 0 |a Turisztikai célú stratégiai és operatív programok megvalósítása Szarvason és térségében  |c Rafaj Tamás  |h [elektronikus dokumentum] 
246 1 1 |a Turisztikai célú stratégiai és operatív programok megvalósítása Szarvason és térségében 
695 |a Szarvas 
695 |a Turizmusfejlesztés 
695 |a Városfejlesztés 
695 |a Széchenyi 2020 
695 |a Dél-Alföldi régió 
700 1 |a Tóth dr. Zoltán  |e ths 
856 4 0 |u http://dolgozattar.uni-bge.hu/2817/1/Rafaj%20Tam%C3%A1s%20-%20Szakdolgozat.pdf  |z Dokumentum-elérés